Discurso leido ante la Universidad Literaria de Granada en la solemne apertura del curso académico de 1881 á 1882 / (Record no. 48073)

MARC details
000 -LEADER
campo de control de longitud fija 00783nam a22001935i 4500
001 - NÚMERO DE CONTROL
campo de control 48073
003 - IDENTIFICADOR DE NÚMERO DE CONTROL
campo de control ES-MaACL
005 - FECHA Y HORA DE LA ÚLTIMA TRANSACCIÓN
campo de control 20230906161704.0
007 - CAMPO FIJO DE DESCRIPCIÓN FÍSICA--INFORMACIÓN GENERAL
campo de control de longitud fija t|
008 - DATOS DE LONGITUD FIJA--INFORMACIÓN GENERAL
campo de control de longitud fija 961128s1881 sp ||||1| spa d
040 ## - FUENTE DE CATALOGACIÓN
Centro catalogador/agencia de origen CLM
Lengua de catalogación spa
Centro/agencia transcriptor CCPB | SIC
100 1# - ENTRADA PRINCIPAL--NOMBRE DE PERSONA
Nombre de persona Cueto y Rivero, Manuel.
9 (RLIN) 42082
245 10 - MENCIÓN DEL TÍTULO
Título Discurso leido ante la Universidad Literaria de Granada en la solemne apertura del curso académico de 1881 á 1882 /
Mención de responsabilidad, etc. por Manuel Cueto y Rivero.
260 ## - PUBLICACIÓN, DISTRIBUCIÓN, ETC.
Lugar de publicación, distribución, etc. Granada :
Nombre del editor, distribuidor, etc. [s.n.],
Fecha de publicación, distribución, etc. 1881 (
Fabricante Imprenta de J. Ventura Sabatel)
300 ## - DESCRIPCIÓN FÍSICA
Extensión 48 p. ;
Dimensiones 31 cm.
500 ## - NOTA GENERAL
Nota general Título del discurso: Universidades de España en el siglo XVI, su disciplina y hombres sabios que en ellos florecieron.
710 2# - ENTRADA AGREGADA--NOMBRE DE ENTIDAD CORPORATIVA
Nombre de entidad corporativa o nombre de jurisdicción como elemento de entrada Universidad Literaria de Granada.
9 (RLIN) 153703
852 ## - LOCALIZACIÓN
Ubicación ES-MaACL
Número de control de estantería T-393-F-10
Holdings
Estatus retirado Estado de pérdida Estado de daño No para préstamo Colección Biblioteca de origen Biblioteca actual Ubicación en estantería Fecha de adquisición Fuente de adquisición Total de préstamos Signatura topográfica completa Código de barras Visto por última vez Precio de reemplazo Tipo de ítem Koha
        Colección de folletos Biblioteca del Ateneo de Madrid Biblioteca del Ateneo de Madrid Depósito folletos 17/01/2008     T-393-F-10 1050595 23/02/2023 23/02/2023 Folleto